[Event "DVM U16 2023"]
[Site "Magdeburg GER"]
[Date "2023.12.30"]
[Round "7"]
[White "Mohylnyi, Stepan"]
[Black "Freude, Max"]
[Result "1/2-1/2"]
[Termination "normal"]
[Board "1.1"]
[WhiteElo "2180"]
[BlackElo "1902"]
[WhiteClock "01:14:03"]
[BlackClock "00:43:41"]
[WhiteTeam "SC Noris-Tarrasch Nürnberg 1873"]
[BlackTeam "SV Empor Berlin"]
[PlyCount "33"]
[WhiteFideId "34127836"]
[BlackFideId "16236157"]
[EventCountry "GER"]
[EventRounds "7"]
[EventType "team-swiss"]
[EventDate "2023.12.26"]

1. e4 {[%clk 01:30:58]} {[%emt 00:00:01]} c5 {[%clk 01:30:54]} {[%emt
00:00:06]} 2. Nf3 {[%clk 01:31:25]} {[%emt 00:00:04]} Nc6 {[%clk 01:31:12]}
{[%emt 00:00:11]} 3. d4 {[%clk 01:31:49]} {[%emt 00:00:06]} cxd4 {[%clk
01:31:33]} {[%emt 00:00:09]} 4. Nxd4 {[%clk 01:32:15]} {[%emt 00:00:04]} Nf6
{[%clk 01:31:55]} {[%emt 00:00:08]} 5. Nc3 {[%clk 01:32:41]} {[%emt 00:00:05]}
e5 {[%clk 01:31:49]} {[%emt 00:00:36]} 6. Ndb5 {[%clk 01:33:07]} {[%emt
00:00:03]} d6 {[%clk 01:32:09]} {[%emt 00:00:10]} 7. Nd5 {[%clk 01:33:35]}
{[%emt 00:00:03]} Nxd5 {[%clk 01:31:16]} {[%emt 00:01:23]} 8. exd5 {[%clk
01:33:39]} {[%emt 00:00:25]} Nb8 {[%clk 01:27:48]} {[%emt 00:03:58]} 9. c4
{[%clk 01:33:24]} {[%emt 00:00:45]} a6 {[%clk 01:13:38]} {[%emt 00:14:40]} 10.
Nc3 {[%clk 01:29:31]} {[%emt 00:04:23]} Be7 {[%clk 01:11:22]} {[%emt 00:02:47]}
11. Bd3 {[%clk 01:26:19]} {[%emt 00:03:41]} O-O {[%clk 01:09:32]} {[%emt
00:02:20]} 12. O-O {[%clk 01:23:45]} {[%emt 00:03:05]} Nd7 {[%clk 01:06:03]}
{[%emt 00:03:58]} 13. Be3 {[%clk 01:22:57]} {[%emt 00:01:19]} f5 {[%clk
01:01:11]} {[%emt 00:05:22]} 14. f3 {[%clk 01:21:29]} {[%emt 00:01:58]} Qe8
{[%clk 00:52:52]} {[%emt 00:08:48]} 15. Qd2 {[%clk 01:20:56]} {[%emt 00:01:04]}
Qh5 {[%clk 00:50:02]} {[%emt 00:03:19]} 16. f4 {[%clk 01:13:43]} {[%emt
00:07:43]} e4 {[%clk 00:43:41]} {[%emt 00:06:51]} 17. Be2 {[%clk 01:14:03]}
{[%emt 00:00:10]} 1/2-1/2

[Event "DVM U16 2023"]
[Site "Magdeburg GER"]
[Date "2023.12.30"]
[Round "7"]
[White "Nitsche, Nikolai"]
[Black "Deschler, Arne"]
[Result "1-0"]
[Termination "normal"]
[Board "1.2"]
[WhiteElo "1874"]
[BlackElo "1953"]
[WhiteClock "00:51:25"]
[BlackClock "01:09:52"]
[WhiteTeam "SV Empor Berlin"]
[BlackTeam "SC Noris-Tarrasch Nürnberg 1873"]
[PlyCount "107"]
[WhiteFideId "16221036"]
[BlackFideId "16274415"]
[EventCountry "GER"]
[EventRounds "7"]
[EventType "team-swiss"]
[EventDate "2023.12.26"]

1. Nf3 {[%clk 01:30:56]} {[%emt 00:00:04]} d5 {[%clk 01:30:57]} {[%emt
00:00:04]} 2. g3 {[%clk 01:31:20]} {[%emt 00:00:05]} Nf6 {[%clk 01:31:23]}
{[%emt 00:00:04]} 3. Bg2 {[%clk 01:31:46]} {[%emt 00:00:04]} c6 {[%clk
01:31:48]} {[%emt 00:00:05]} 4. O-O {[%clk 01:32:03]} {[%emt 00:00:13]} Bf5
{[%clk 01:32:15]} {[%emt 00:00:03]} 5. d3 {[%clk 01:32:28]} {[%emt 00:00:06]}
Nbd7 {[%clk 01:32:33]} {[%emt 00:00:11]} 6. b3 {[%clk 01:28:41]} {[%emt
00:04:17]} e5 {[%clk 01:32:03]} {[%emt 00:00:59]} 7. Bb2 {[%clk 01:27:17]}
{[%emt 00:01:55]} Bd6 {[%clk 01:31:59]} {[%emt 00:00:34]} 8. c4 {[%clk
01:25:16]} {[%emt 00:02:31]} O-O {[%clk 01:31:53]} {[%emt 00:00:35]} 9. cxd5
{[%clk 01:22:18]} {[%emt 00:03:29]} cxd5 {[%clk 01:31:56]} {[%emt 00:00:27]}
10. Nc3 {[%clk 01:22:09]} {[%emt 00:00:39]} Qe7 {[%clk 01:28:23]} {[%emt
00:04:03]} 11. Nb5 {[%clk 01:20:51]} {[%emt 00:01:47]} Bb4 {[%clk 01:25:13]}
{[%emt 00:03:40]} 12. Nh4 {[%clk 01:12:31]} {[%emt 00:08:50]} Be6 {[%clk
01:24:27]} {[%emt 00:01:16]} 13. Nc7 {[%clk 01:12:25]} {[%emt 00:00:36]} Rac8
{[%clk 01:24:55]} {[%emt 00:00:01]} 14. Nxe6 {[%clk 01:12:49]} {[%emt
00:00:07]} Qxe6 {[%clk 01:24:30]} {[%emt 00:00:55]} 15. Rc1 {[%clk 01:08:28]}
{[%emt 00:04:51]} Rxc1 {[%clk 01:18:00]} {[%emt 00:07:00]} 16. Qxc1 {[%clk
01:08:49]} {[%emt 00:00:10]} Ne8 {[%clk 01:18:02]} {[%emt 00:00:27]} 17. e4
{[%clk 00:58:34]} {[%emt 00:10:45]} d4 {[%clk 01:17:01]} {[%emt 00:01:31]} 18.
Nf5 {[%clk 00:51:28]} {[%emt 00:07:36]} g6 {[%clk 01:12:25]} {[%emt 00:05:06]}
19. Nh6+ {[%clk 00:51:25]} {[%emt 00:00:33]} Kh8 {[%clk 01:09:52]} {[%emt
00:03:03]} 20. f4 f6 {[%clk 01:09:52]} 21. f5 Qc6 {[%clk 01:09:52]} 22. fxg6
Qxc1 {[%clk 01:09:52]} 23. g7+ Nxg7 {[%clk 01:09:52]} 24. Rxc1 Bd6 {[%clk
01:09:52]} 25. b4 Nb6 {[%clk 01:09:52]} 26. a3 Ne8 {[%clk 01:09:52]} 27. Rf1
Kg7 {[%clk 01:09:52]} 28. Bc1 Kg6 {[%clk 01:09:52]} 29. h4 Be7 {[%clk
01:09:52]} 30. Bh3 Nd6 {[%clk 01:09:52]} 31. Be6 Ra8 {[%clk 01:09:52]} 32. Bb3
Kg7 {[%clk 01:09:52]} 33. h5 Rc8 {[%clk 01:09:52]} 34. Bd2 Kh8 {[%clk
01:09:52]} 35. Ng4 Ne8 {[%clk 01:09:52]} 36. Nh6 Nd6 {[%clk 01:09:52]} 37. Ng4
Ne8 {[%clk 01:09:52]} 38. Kg2 a6 {[%clk 01:09:52]} 39. Kh3 Rc6 {[%clk
01:09:52]} 40. Nh6 Nd6 {[%clk 01:09:52]} 41. g4 Nbc8 {[%clk 01:09:52]} 42. Nf5
Nxf5 {[%clk 01:09:52]} 43. gxf5 Bf8 {[%clk 01:09:52]} 44. Rg1 Ne7 {[%clk
01:09:52]} 45. b5 axb5 {[%clk 01:09:52]} 46. h6 Rc3 {[%clk 01:09:52]} 47. Bxc3
dxc3 {[%clk 01:09:52]} 48. Rc1 Nc6 {[%clk 01:09:52]} 49. Rxc3 Bxa3 {[%clk
01:09:52]} 50. Bd5 b4 {[%clk 01:09:52]} 51. Rc4 Ne7 {[%clk 01:09:52]} 52. Rc7
b3 {[%clk 01:09:52]} 53. Rxe7 Bd6 {[%clk 01:09:52]} 54. Rd7 1-0

[Event "DVM U16 2023"]
[Site "Magdeburg GER"]
[Date "2023.12.30"]
[Round "7"]
[White "Schmidt, Tobias"]
[Black "Ronsin, Corentin"]
[Result "1-0"]
[Termination "normal"]
[Board "1.4"]
[WhiteElo "1618"]
[BlackElo "1642"]
[WhiteClock "00:48:48"]
[BlackClock "01:13:04"]
[WhiteTeam "SV Empor Berlin"]
[BlackTeam "SC Noris-Tarrasch Nürnberg 1873"]
[PlyCount "63"]
[WhiteFideId "16254376"]
[BlackFideId "34641742"]
[EventCountry "GER"]
[EventRounds "7"]
[EventType "team-swiss"]
[EventDate "2023.12.26"]

1. d4 {[%clk 01:30:59]} d5 {[%clk 01:30:56]} {[%emt 00:00:05]} 2. c4 {[%clk
01:31:25]} {[%emt 00:00:03]} e6 {[%clk 01:31:22]} {[%emt 00:00:05]} 3. Nc3
{[%clk 01:31:52]} {[%emt 00:00:03]} Nf6 {[%clk 01:31:42]} {[%emt 00:00:10]} 4.
Bg5 {[%clk 01:32:17]} {[%emt 00:00:04]} Be7 {[%clk 01:31:36]} {[%emt 00:00:37]}
5. Nf3 {[%clk 01:32:35]} {[%emt 00:00:11]} h6 {[%clk 01:31:49]} {[%emt
00:00:17]} 6. Bh4 {[%clk 01:32:47]} {[%emt 00:00:19]} O-O {[%clk 01:32:12]}
{[%emt 00:00:06]} 7. e3 {[%clk 01:33:12]} {[%emt 00:00:06]} b6 {[%clk
01:32:34]} {[%emt 00:00:09]} 8. Bd3 {[%clk 01:30:56]} {[%emt 00:02:45]} Bb7
{[%clk 01:32:36]} {[%emt 00:00:28]} 9. cxd5 {[%clk 01:29:18]} {[%emt 00:02:08]}
Nxd5 {[%clk 01:32:52]} {[%emt 00:00:14]} 10. Bxe7 {[%clk 01:29:34]} {[%emt
00:00:14]} Qxe7 {[%clk 01:33:11]} {[%emt 00:00:10]} 11. O-O {[%clk 01:29:48]}
{[%emt 00:00:17]} Nd7 {[%clk 01:32:09]} {[%emt 00:01:32]} 12. Nxd5 {[%clk
01:16:05]} {[%emt 00:14:12]} Bxd5 {[%clk 01:32:02]} {[%emt 00:00:37]} 13. Re1
{[%clk 01:12:41]} {[%emt 00:03:54]} c5 {[%clk 01:30:00]} {[%emt 00:02:32]} 14.
e4 {[%clk 01:12:31]} {[%emt 00:00:40]} Bb7 {[%clk 01:30:17]} {[%emt 00:00:13]}
15. d5 {[%clk 01:01:01]} {[%emt 00:12:01]} exd5 {[%clk 01:29:55]} {[%emt
00:00:51]} 16. exd5 {[%clk 01:01:27]} {[%emt 00:00:04]} Qd6 {[%clk 01:30:06]}
{[%emt 00:00:18]} 17. Bc4 {[%clk 01:01:36]} {[%emt 00:00:21]} Nf6 {[%clk
01:27:58]} {[%emt 00:02:36]} 18. Qd2 {[%clk 00:55:54]} {[%emt 00:06:14]} Kh7
{[%clk 01:14:44]} {[%emt 00:13:45]} 19. Rad1 {[%clk 00:51:36]} {[%emt
00:04:47]} Rfe8 {[%clk 01:14:22]} {[%emt 00:00:51]} 20. Qd3+ {[%clk 00:48:48]}
{[%emt 00:03:19]} g6 {[%clk 01:13:04]} {[%emt 00:01:48]} 21. Re3 Ng4 {[%clk
01:13:04]} 22. Re4 Rxe4 {[%clk 01:13:04]} 23. Qxe4 Nf6 {[%clk 01:13:04]} 24.
Qe5 Rd8 {[%clk 01:13:04]} 25. h3 Kg7 {[%clk 01:13:04]} 26. Rd3 Bxd5 {[%clk
01:13:04]} 27. Rxd5 Qxe5 {[%clk 01:13:04]} 28. Rxe5 Kf8 {[%clk 01:13:04]} 29.
Re2 Rd7 {[%clk 01:13:04]} 30. Ne5 Re7 {[%clk 01:13:04]} 31. Kf1 Nd7 {[%clk
01:13:04]} 32. Nc6 1-0

[Event "DVM U16 2023"]
[Site "Magdeburg GER"]
[Date "2023.12.30"]
[Round "7"]
[White "Herter, Arne"]
[Black "Ermitsch, Magnus"]
[Result "0-1"]
[Termination "normal"]
[Board "2.1"]
[BlackTitle "FM"]
[WhiteElo "1992"]
[BlackElo "2273"]
[WhiteClock "00:40:53"]
[BlackClock "01:25:49"]
[WhiteTeam "Schachzwerge Magdeburg"]
[BlackTeam "SK Doppelbauer Kiel 1910"]
[PlyCount "42"]
[WhiteFideId "16255372"]
[BlackFideId "16234464"]
[EventCountry "GER"]
[EventRounds "7"]
[EventType "team-swiss"]
[EventDate "2023.12.26"]

1. e4 {[%clk 01:30:58]} e5 {[%clk 01:30:49]} {[%emt 00:00:12]} 2. Nf3 {[%clk
01:31:19]} {[%emt 00:00:09]} Nf6 {[%clk 01:31:12]} {[%emt 00:00:07]} 3. Nxe5
{[%clk 01:31:40]} {[%emt 00:00:09]} d6 {[%clk 01:31:36]} {[%emt 00:00:06]} 4.
Nf3 {[%clk 01:32:05]} {[%emt 00:00:05]} Nxe4 {[%clk 01:32:00]} {[%emt
00:00:07]} 5. d4 {[%clk 01:32:28]} {[%emt 00:00:06]} d5 {[%clk 01:32:24]}
{[%emt 00:00:05]} 6. Bd3 {[%clk 01:32:49]} {[%emt 00:00:10]} Bf5 {[%clk
01:32:26]} {[%emt 00:00:29]} 7. O-O {[%clk 01:32:40]} {[%emt 00:00:38]} Be7
{[%clk 01:32:51]} {[%emt 00:00:05]} 8. Re1 {[%clk 01:29:02]} {[%emt 00:04:09]}
O-O {[%clk 01:33:11]} {[%emt 00:00:09]} 9. Nbd2 {[%clk 01:27:50]} {[%emt
00:01:42]} Nd6 {[%clk 01:33:21]} {[%emt 00:00:18]} 10. Bxf5 {[%clk 01:26:07]}
{[%emt 00:02:14]} Nxf5 {[%clk 01:33:43]} {[%emt 00:00:08]} 11. Nf1 {[%clk
01:23:12]} {[%emt 00:03:26]} c6 {[%clk 01:33:49]} {[%emt 00:00:24]} 12. Qd3
{[%clk 01:20:16]} {[%emt 00:03:26]} Nd6 {[%clk 01:32:10]} {[%emt 00:02:09]} 13.
Ng3 {[%clk 01:16:23]} {[%emt 00:04:23]} Na6 {[%clk 01:31:56]} {[%emt 00:00:44]}
14. Bf4 {[%clk 01:10:13]} {[%emt 00:06:40]} Nc7 {[%clk 01:30:03]} {[%emt
00:02:22]} 15. Bxd6 {[%clk 01:04:12]} {[%emt 00:06:32]} Bxd6 {[%clk 01:30:26]}
{[%emt 00:00:07]} 16. Ne5 {[%clk 01:02:04]} {[%emt 00:02:38]} Ne6 {[%clk
01:28:58]} {[%emt 00:01:59]} 17. Nxf7 {[%clk 00:54:51]} {[%emt 00:07:42]} Kxf7
{[%clk 01:25:42]} {[%emt 00:03:46]} 18. Qxh7 {[%clk 00:44:22]} {[%emt
00:10:59]} Ng5 {[%clk 01:24:39]} {[%emt 00:01:34]} 19. Qh5+ {[%clk 00:41:14]}
{[%emt 00:03:37]} Kg8 {[%clk 01:25:01]} {[%emt 00:00:08]} 20. h4 {[%clk
00:40:31]} {[%emt 00:01:13]} Bxg3 {[%clk 01:25:24]} {[%emt 00:00:07]} 21. fxg3
{[%clk 00:40:53]} {[%emt 00:00:08]} Ne4 {[%clk 01:25:49]} {[%emt 00:00:05]} 0-1

[Event "DVM U16 2023"]
[Site "Magdeburg GER"]
[Date "2023.12.30"]
[Round "7"]
[White "Nönnig, Jakob"]
[Black "Vollbehr, Bjarne"]
[Result "0-1"]
[Termination "normal"]
[Board "2.3"]
[WhiteElo "1789"]
[BlackElo "1949"]
[WhiteClock "00:42:39"]
[BlackClock "01:10:20"]
[WhiteTeam "Schachzwerge Magdeburg"]
[BlackTeam "SK Doppelbauer Kiel 1910"]
[PlyCount "50"]
[WhiteFideId "16289447"]
[BlackFideId "34606025"]
[EventCountry "GER"]
[EventRounds "7"]
[EventType "team-swiss"]
[EventDate "2023.12.26"]

1. e4 {[%clk 01:30:57]} {[%emt 00:00:02]} g6 {[%clk 01:30:56]} {[%emt
00:00:05]} 2. d4 {[%clk 01:31:19]} {[%emt 00:00:07]} Bg7 {[%clk 01:31:24]}
{[%emt 00:00:03]} 3. Nf3 {[%clk 01:31:30]} {[%emt 00:00:19]} d6 {[%clk
01:31:21]} {[%emt 00:00:32]} 4. Be3 {[%clk 01:31:21]} {[%emt 00:00:40]} c5
{[%clk 01:30:26]} {[%emt 00:01:25]} 5. c3 {[%clk 01:30:40]} {[%emt 00:01:10]}
Nf6 {[%clk 01:29:59]} {[%emt 00:00:58]} 6. Bd3 {[%clk 01:28:07]} {[%emt
00:03:02]} Nbd7 {[%clk 01:28:24]} {[%emt 00:02:06]} 7. O-O {[%clk 01:25:34]}
{[%emt 00:03:03]} O-O {[%clk 01:26:22]} {[%emt 00:02:32]} 8. Nbd2 {[%clk
01:22:42]} {[%emt 00:03:22]} e5 {[%clk 01:19:32]} {[%emt 00:07:20]} 9. h3
{[%clk 01:01:55]} {[%emt 00:21:18]} exd4 {[%clk 01:12:29]} {[%emt 00:07:32]}
10. cxd4 {[%clk 01:01:50]} {[%emt 00:00:35]} Re8 {[%clk 01:12:10]} {[%emt
00:00:48]} 11. Qc2 {[%clk 00:49:57]} {[%emt 00:12:24]} b6 {[%clk 01:10:20]}
{[%emt 00:02:19]} 12. Nc4 {[%clk 00:42:39]} {[%emt 00:07:49]} cxd4 13. Bxd4
{[%clk 00:42:39]} Nc5 14. Rfe1 {[%clk 00:42:39]} Ne6 15. Be3 {[%clk 00:42:39]}
Bb7 16. e5 {[%clk 00:42:39]} dxe5 17. Ncxe5 {[%clk 00:42:39]} Nd5 18. Bc4
{[%clk 00:42:39]} Qc7 19. Nd3 {[%clk 00:42:39]} Nxe3 20. Rxe3 {[%clk 00:42:39]}
Rac8 21. Rc1 {[%clk 00:42:39]} Bh6 22. Qb3 {[%clk 00:42:39]} Bxe3 23. fxe3
{[%clk 00:42:39]} Qg3 24. Rf1 {[%clk 00:42:39]} Ng5 25. Nde5 {[%clk 00:42:39]}
Rxe5 0-1

[Event "DVM U16 2023"]
[Site "Magdeburg GER"]
[Date "2023.12.30"]
[Round "7"]
[White "Bräutigam, Katerina"]
[Black "Petzold, Johannes Julius"]
[Result "1-0"]
[Termination "normal"]
[Board "2.4"]
[WhiteElo "1845"]
[BlackElo "1618"]
[WhiteClock "00:54:00"]
[BlackClock "01:24:59"]
[WhiteTeam "SK Doppelbauer Kiel 1910"]
[BlackTeam "Schachzwerge Magdeburg"]
[PlyCount "37"]
[WhiteFideId "16242980"]
[BlackFideId "16289455"]
[EventCountry "GER"]
[EventRounds "7"]
[EventType "team-swiss"]
[EventDate "2023.12.26"]

1. e4 {[%clk 01:30:58]} {[%emt 00:00:02]} c5 {[%clk 01:30:56]} {[%emt
00:00:05]} 2. Nf3 {[%clk 01:31:24]} {[%emt 00:00:05]} Nc6 {[%clk 01:31:23]}
{[%emt 00:00:03]} 3. d4 {[%clk 01:31:46]} {[%emt 00:00:07]} cxd4 {[%clk
01:31:49]} {[%emt 00:00:05]} 4. Nxd4 {[%clk 01:32:09]} {[%emt 00:00:07]} Nf6
{[%clk 01:32:13]} {[%emt 00:00:06]} 5. Nc3 {[%clk 01:32:32]} {[%emt 00:00:06]}
e5 {[%clk 01:32:40]} {[%emt 00:00:03]} 6. Ndb5 {[%clk 01:32:54]} {[%emt
00:00:08]} d6 {[%clk 01:33:02]} {[%emt 00:00:08]} 7. Bg5 {[%clk 01:33:19]}
{[%emt 00:00:05]} a6 {[%clk 01:33:29]} {[%emt 00:00:03]} 8. Na3 {[%clk
01:33:41]} {[%emt 00:00:08]} b5 {[%clk 01:33:57]} {[%emt 00:00:02]} 9. Nd5
{[%clk 01:34:01]} {[%emt 00:00:10]} Be7 {[%clk 01:34:22]} {[%emt 00:00:04]} 10.
Bxf6 {[%clk 01:34:23]} {[%emt 00:00:09]} Bxf6 {[%clk 01:34:49]} {[%emt
00:00:04]} 11. c4 {[%clk 01:34:34]} {[%emt 00:00:18]} b4 {[%clk 01:35:15]}
{[%emt 00:00:05]} 12. Nc2 {[%clk 01:34:49]} {[%emt 00:00:13]} O-O {[%clk
01:35:42]} {[%emt 00:00:04]} 13. g3 {[%clk 01:27:00]} {[%emt 00:08:19]} a5
{[%clk 01:36:08]} {[%emt 00:00:04]} 14. Bg2 {[%clk 01:26:58]} {[%emt 00:00:32]}
Bg5 {[%clk 01:30:22]} {[%emt 00:06:16]} 15. O-O {[%clk 01:26:48]} {[%emt
00:00:40]} Be6 {[%clk 01:28:09]} {[%emt 00:02:43]} 16. f4 {[%clk 01:17:08]}
{[%emt 00:10:10]} Bh6 {[%clk 01:27:10]} {[%emt 00:01:30]} 17. f5 {[%clk
01:08:14]} {[%emt 00:09:23]} Bxd5 {[%clk 01:25:40]} {[%emt 00:02:00]} 18. exd5
{[%clk 01:03:53]} {[%emt 00:04:50]} Nd4 {[%clk 01:24:59]} {[%emt 00:01:13]} 19.
f6 {[%clk 00:54:00]} {[%emt 00:10:21]} 1-0

[Event "DVM U16 2023"]
[Site "Magdeburg GER"]
[Date "2023.12.30"]
[Round "7"]
[White "Korchynskyi, Mykola"]
[Black "Bungarten, Jona"]
[Result "1/2-1/2"]
[Termination "normal"]
[Board "3.1"]
[WhiteElo "2196"]
[BlackElo "2085"]
[WhiteClock "00:01:36"]
[BlackClock "00:45:55"]
[WhiteTeam "SF Essen-Katernberg 04/32"]
[BlackTeam "SF Brackel 1930"]
[PlyCount "102"]
[WhiteFideId "34138005"]
[BlackFideId "16223608"]
[EventCountry "GER"]
[EventRounds "7"]
[EventType "team-swiss"]
[EventDate "2023.12.26"]

1. d4 {[%clk 01:30:41]} {[%emt 00:00:18]} d5 {[%clk 01:30:54]} {[%emt
00:00:07]} 2. c4 {[%clk 01:31:07]} {[%emt 00:00:04]} e6 {[%clk 01:31:20]}
{[%emt 00:00:04]} 3. Nc3 {[%clk 01:31:33]} {[%emt 00:00:04]} c5 {[%clk
01:31:45]} {[%emt 00:00:04]} 4. cxd5 {[%clk 01:31:42]} {[%emt 00:00:21]} cxd4
{[%clk 01:32:11]} {[%emt 00:00:05]} 5. Qa4+ {[%clk 01:30:48]} {[%emt 00:01:24]}
Bd7 {[%clk 01:32:34]} {[%emt 00:00:07]} 6. Qxd4 {[%clk 01:31:13]} {[%emt
00:00:05]} exd5 {[%clk 01:33:00]} {[%emt 00:00:05]} 7. Qxd5 {[%clk 01:31:39]}
{[%emt 00:00:04]} Nc6 {[%clk 01:33:23]} {[%emt 00:00:06]} 8. Nf3 {[%clk
01:31:57]} {[%emt 00:00:12]} Nf6 {[%clk 01:33:48]} {[%emt 00:00:04]} 9. Qd1
{[%clk 01:32:05]} {[%emt 00:00:23]} Bc5 {[%clk 01:34:04]} {[%emt 00:00:14]} 10.
e3 {[%clk 01:25:01]} {[%emt 00:07:34]} Qe7 {[%clk 01:34:00]} {[%emt 00:00:34]}
11. Be2 {[%clk 01:24:56]} {[%emt 00:00:35]} O-O-O {[%clk 01:34:16]} {[%emt
00:00:15]} 12. O-O {[%clk 01:25:19]} {[%emt 00:00:06]} g5 {[%clk 01:34:41]}
{[%emt 00:00:06]} 13. a3 {[%clk 01:25:35]} {[%emt 00:00:13]} g4 {[%emt
00:00:43]} 14. Nh4 {[%clk 01:25:38]} {[%emt 00:00:11]} Ne5 {[%clk 01:33:39]}
{[%emt 00:01:34]} 15. Qc2 {[%clk 01:23:14]} {[%emt 00:02:54]} Kb8 {[%emt
00:05:23]} 16. b4 {[%clk 01:21:50]} {[%emt 00:00:51]} Bb6 {[%clk 01:28:32]}
{[%emt 00:01:47]} 17. Nf5 {[%clk 01:12:16]} {[%emt 00:10:04]} Qe6 {[%clk
01:23:43]} {[%emt 00:05:20]} 18. Nd4 {[%clk 01:12:25]} {[%emt 00:00:21]} Qe7
{[%clk 01:23:29]} {[%emt 00:00:42]} 19. Nf5 {[%clk 01:02:03]} {[%emt 00:10:53]}
Qe6 {[%clk 01:23:40]} {[%emt 00:00:20]} 20. Nd4 {[%clk 01:01:56]} {[%emt
00:00:36]} Qe7 {[%clk 01:23:56]} {[%emt 00:00:13]} 21. a4 {[%clk 01:00:58]}
{[%emt 00:01:29]} Rhg8 {[%emt 00:12:02]} 22. Rd1 {[%clk 00:48:32]} {[%emt
00:03:46]} Rc8 {[%clk 00:45:55]} {[%emt 00:04:40]} 23. b5 {[%clk 00:01:36]}
Bxd4 {[%clk 00:45:55]} 24. exd4 {[%clk 00:01:36]} Nf3+ {[%clk 00:45:55]} 25.
Bxf3 {[%clk 00:01:36]} gxf3 {[%clk 00:45:55]} 26. Bf4+ {[%clk 00:01:36]} Ka8
{[%clk 00:45:55]} 27. Bg3 {[%clk 00:01:36]} h5 {[%clk 00:45:55]} 28. h4 {[%clk
00:01:36]} Rxg3 {[%clk 00:45:55]} 29. fxg3 {[%clk 00:01:36]} Ng4 {[%clk
00:45:55]} 30. Qd2 {[%clk 00:01:36]} f2+ {[%clk 00:45:55]} 31. Kh1 {[%clk
00:01:36]} Bf5 {[%clk 00:45:55]} 32. Rf1 {[%clk 00:01:36]} Qd6 {[%clk
00:45:55]} 33. Ne2 {[%clk 00:01:36]} Rc2 {[%clk 00:45:55]} 34. Qf4 {[%clk
00:01:36]} Qxf4 {[%clk 00:45:55]} 35. Nxf4 {[%clk 00:01:36]} Kb8 {[%clk
00:45:55]} 36. d5 {[%clk 00:01:36]} Be4 {[%clk 00:45:55]} 37. Ra3 {[%clk
00:01:36]} Rd2 {[%clk 00:45:55]} 38. Nh3 {[%clk 00:01:36]} Re2 {[%clk
00:45:55]} 39. d6 {[%clk 00:01:36]} Kc8 {[%clk 00:45:55]} 40. a5 {[%clk
00:01:36]} Kd7 {[%clk 00:45:55]} 41. b6 {[%clk 00:01:36]} a6 {[%clk 00:45:55]}
42. Rc3 {[%clk 00:01:36]} Kxd6 {[%clk 00:45:55]} 43. Rd1+ {[%clk 00:01:36]} Bd5
{[%clk 00:45:55]} 44. Rf1 {[%clk 00:01:36]} Ke5 {[%clk 00:45:55]} 45. Nf4
{[%clk 00:01:36]} Re1 {[%clk 00:45:55]} 46. Nd3+ {[%clk 00:01:36]} Kd4 {[%clk
00:45:55]} 47. Nxe1 {[%clk 00:01:36]} fxe1=Q {[%clk 00:45:55]} 48. Rxe1 {[%clk
00:01:36]} Kxc3 {[%clk 00:45:55]} 49. Re2 {[%clk 00:01:36]} Nf6 {[%clk
00:45:55]} 50. Ra2 {[%clk 00:01:36]} Be4 {[%clk 00:45:55]} 51. Rf2 {[%clk
00:01:36]} Bg6 {[%clk 00:45:55]} {Ab Zug 51 nicht mehr nachvollziehbar} 1/2-1/2

[Event "DVM U16 2023"]
[Site "Magdeburg GER"]
[Date "2023.12.30"]
[Round "7"]
[White "Prieb, Robert"]
[Black "Berresheim, Nils"]
[Result "1/2-1/2"]
[Termination "normal"]
[Board "3.2"]
[WhiteTitle "CM"]
[WhiteElo "2055"]
[BlackElo "1772"]
[WhiteClock "01:04:24"]
[BlackClock "00:56:55"]
[WhiteTeam "SF Brackel 1930"]
[BlackTeam "SF Essen-Katernberg 04/32"]
[PlyCount "33"]
[WhiteFideId "16212002"]
[BlackFideId "16246306"]
[EventCountry "GER"]
[EventRounds "7"]
[EventType "team-swiss"]
[EventDate "2023.12.26"]

1. d4 {[%clk 01:30:56]} {[%emt 00:00:02]} Nf6 {[%clk 01:30:33]} {[%emt
00:00:28]} 2. c4 {[%clk 01:31:09]} {[%emt 00:00:17]} g6 {[%clk 01:30:38]}
{[%emt 00:00:26]} 3. Nc3 {[%clk 01:31:12]} {[%emt 00:00:26]} Bg7 {[%clk
01:31:00]} {[%emt 00:00:08]} 4. e4 {[%clk 01:31:18]} {[%emt 00:00:23]} d6
{[%clk 01:31:04]} {[%emt 00:00:27]} 5. Nge2 {[%clk 01:31:03]} {[%emt 00:00:45]}
O-O {[%clk 01:30:48]} {[%emt 00:00:47]} 6. Ng3 {[%clk 01:31:06]} {[%emt
00:00:26]} c5 {[%clk 01:29:14]} {[%emt 00:02:05]} 7. d5 {[%clk 01:31:16]}
{[%emt 00:00:19]} e6 {[%clk 01:27:24]} {[%emt 00:02:21]} 8. Be2 {[%clk
01:31:04]} {[%emt 00:00:41]} exd5 {[%clk 01:25:12]} {[%emt 00:02:43]} 9. cxd5
{[%clk 01:31:20]} {[%emt 00:00:14]} Bd7 {[%clk 01:22:00]} {[%emt 00:03:41]} 10.
h4 {[%clk 01:24:28]} {[%emt 00:07:20]} Na6 {[%clk 01:16:22]} {[%emt 00:06:10]}
11. h5 {[%clk 01:22:39]} {[%emt 00:02:14]} Nc7 {[%clk 01:13:06]} {[%emt
00:03:49]} 12. a4 {[%clk 01:21:04]} {[%emt 00:02:05]} a6 {[%clk 01:09:04]}
{[%emt 00:04:33]} 13. a5 {[%clk 01:19:08]} {[%emt 00:02:26]} Nb5 {[%clk
01:06:09]} {[%emt 00:03:25]} 14. h6 {[%clk 01:13:36]} {[%emt 00:06:01]} Bh8
{[%clk 01:05:52]} {[%emt 00:00:48]} 15. Bg5 {[%clk 01:12:12]} {[%emt 00:01:54]}
Qc7 {[%clk 00:59:19]} {[%emt 00:07:03]} 16. Bxb5 {[%clk 01:05:23]} {[%emt
00:07:19]} axb5 {[%clk 00:56:55]} {[%emt 00:02:55]} 17. Qf3 {[%clk 01:04:24]}
{[%emt 00:01:28]} 1/2-1/2